| 000 | 01348namaa22003371i 4500 | ||
|---|---|---|---|
| 005 | 20260407125900.0 | ||
| 008 | 260407s1994 ua ado|frm||| 00| 0 eng d | ||
| 040 |
_aEG-GICUC _beng _cEG-GICUC _dEG-GICUC _erda |
||
| 041 | 0 |
_aeng _beng _bara |
|
| 049 | _aDeposit | ||
| 097 | _aM.Sc | ||
| 099 | _aCai01.11.24.M.Sc.1994.Am.N | ||
| 100 | 0 |
_aAmani M. Ezzat Elwan _epreparation. |
|
| 245 | 1 | 0 |
_aNeurological disorders children with non CNS-malignancy / _cBy Amani M. Ezzat Elwan ; Supervised By Prof. Dr. Salah Nassar, Prof. Dr. Hany Hussein. |
| 246 | 1 | 5 | _aالأضطرابات العصبية فى حالات الأورام الخبيثة فى الأطفال |
| 264 | 0 | _c1994. | |
| 300 |
_a240 pages : _billustrations ; _c30 cm. + |
||
| 336 |
_2rda content _atext |
||
| 337 |
_2rdamedia _aUnmediated |
||
| 338 |
_2rdacarrier _avolume |
||
| 502 | _aThesis (M.Sc.)-Cairo University, 1994. | ||
| 504 | _aBibliography: pages 194-240 | ||
| 653 | 0 | _apediatrics | |
| 653 | 0 | _anon CNS-malignancy | |
| 653 | 0 | _aNeurological disorders | |
| 700 | 0 |
_aProf. Dr. Salah Nassar. _ethesis advisor. |
|
| 700 | 0 |
_aProf. Dr. Hany Hussein. _ethesis advisor. |
|
| 900 |
_DDepartment of pediatrics _FNCI _UCairo University _b1994 _cProf. Dr. Salah Nassar. _cProf. Dr. Hany Hussein. _dProf. Dr. Salah Nassar. |
||
| 905 | _aNermeen-A | ||
| 942 |
_2ddc _cTH _e21 _n0 |
||
| 999 | _c179274 | ||